Los sueños / (Registro nro. 3998)
[ vista simple ]
| 000 -LEADER | |
|---|---|
| fixed length control field | 00791nam a2200253Ia 4500 |
| 003 - CONTROL NUMBER IDENTIFIER | |
| control field | OSt |
| 005 - DATE AND TIME OF LATEST TRANSACTION | |
| control field | 20200330122108.0 |
| 008 - FIXED-LENGTH DATA ELEMENTS--GENERAL INFORMATION | |
| fixed length control field | 191128s2006 sp a br 000 1 spa d |
| 020 ## - INTERNATIONAL STANDARD BOOK NUMBER | |
| International Standard Book Number | 9789589159484 |
| 040 ## - CATALOGING SOURCE | |
| Original cataloging agency | CO-JMCR |
| Transcribing agency | CO-JMCR |
| 041 ## - LANGUAGE CODE | |
| Language code of text/sound track or separate title | spa |
| 082 04 - DEWEY DECIMAL CLASSIFICATION NUMBER | |
| Classification number | A / |
| Edition number | GUTs |
| 100 ## - MAIN ENTRY--PERSONAL NAME | |
| Personal name | Gutman, Anne, autora |
| 9 (RLIN) | 1978 |
| 245 04 - TITLE STATEMENT | |
| Title | Los sueños / |
| Statement of responsibility, etc. | Anne Gutman, Georg Hallensleben ; traducción Christiane Reyes |
| 260 ## - PUBLICATION, DISTRIBUTION, ETC. | |
| Place of publication, distribution, etc. | Barcelona : |
| Name of publisher, distributor, etc. | Juventud, |
| Date of publication, distribution, etc. | 2006 |
| 300 ## - PHYSICAL DESCRIPTION | |
| Extent | [12] páginas sin numerar : |
| Other physical details | ilustraciones a color ; |
| Dimensions | 14 cm. |
| 440 ## - SERIES STATEMENT/ADDED ENTRY--TITLE | |
| Title | Leer es mi cuento |
| 9 (RLIN) | 1773 |
| 500 ## - GENERAL NOTE | |
| General note | Recomendado de 0 a 2 años. |
| 546 ## - LANGUAGE NOTE | |
| Language note | spa |
| 650 ## - SUBJECT ADDED ENTRY--TOPICAL TERM | |
| Topical term or geographic name entry element | Álbum infantil |
| 9 (RLIN) | 751 |
| 650 ## - SUBJECT ADDED ENTRY--TOPICAL TERM | |
| Topical term or geographic name entry element | Sueños en la literatura |
| 9 (RLIN) | 1789 |
| 700 ## - ADDED ENTRY--PERSONAL NAME | |
| Personal name | Reyes, Cristiane, |
| Relator term | traducción |
| 9 (RLIN) | 1979 |
| 942 ## - ADDED ENTRY ELEMENTS (KOHA) | |
| Source of classification or shelving scheme | Dewey Decimal Classification |
| Koha item type | Books |
| Withdrawn status | Lost status | Source of classification or shelving scheme | Damaged status | Not for loan | Collection code | Home library | Current library | Date acquired | Source of acquisition | Cost, normal purchase price | Total Checkouts | Full call number | Barcode | Date last seen | Date last checked out | Copy number | Koha item type |
|---|---|---|---|---|---|---|---|---|---|---|---|---|---|---|---|---|---|
| Dewey Decimal Classification | Fiction | Biblioteca Pública José María del Castillo y Rada | Biblioteca Pública José María del Castillo y Rada | 11/28/2019 | Donación | 0.00 | 27 | A / GUTs | 201808790 | 04/06/2026 | 04/06/2026 | Ej.1 | Books |